The Philippine index province of cavite covers 3 cities,20 towns,updated luzon road guide / (Record no. 20721)
[ view plain ]
| 000 -LEADER | |
|---|---|
| fixed length control field | 00543nam a2200157 a 4500 |
| 005 - DATE AND TIME OF LATEST TRANSACTION | |
| control field | 20140310183248.0 |
| 008 - FIXED-LENGTH DATA ELEMENTS--GENERAL INFORMATION | |
| fixed length control field | 040920s19uu xx 00 eng d |
| 050 ## - LIBRARY OF CONGRESS CALL NUMBER | |
| Classification number | HF 5254.C3 |
| Item number | .P48 2001 |
| 100 ## - MAIN ENTRY--PERSONAL NAME | |
| Personal name | Abigan, Edmundo R. |
| 245 ## - TITLE STATEMENT | |
| Title | The Philippine index province of cavite covers 3 cities,20 towns,updated luzon road guide / |
| 260 ## - PUBLICATION, DISTRIBUTION, ETC. (IMPRINT) | |
| Place of publication, distribution, etc | Philippine : |
| Name of publisher, distributor, etc | Philippine Guides, Inc., |
| Date of publication, distribution, etc | 2001. |
| 300 ## - PHYSICAL DESCRIPTION | |
| Extent | 66 p. : |
| Other physical details | col. ill. ; |
| Dimensions | 28 cm. |
| 650 ## - SUBJECT ADDED ENTRY--TOPICAL TERM | |
| Topical term or geographic name as entry element | Cavite Province (Philippines) |
| General subdivision | Travel and description. |
| 942 ## - ADDED ENTRY ELEMENTS (KOHA) | |
| Koha item type | Books |
| Source of classification or shelving scheme | Library of Congress Classification |
| Withdrawn status | Lost status | Source of classification or shelving scheme | Damaged status | Home library | Current library | Shelving location | Date acquired | Total Checkouts | Full call number | Barcode | Date last seen | Copy number | Price effective from | Koha item type |
|---|---|---|---|---|---|---|---|---|---|---|---|---|---|---|
| Library of Congress Classification | College Library | College Library | Reference Section | 09/20/2004 | HF 5254.C3 .P48 2001 | C5245 | 05/15/2018 | 1 | 11/14/2013 | Books |